| 000 | 01542 a2200229 4500 | ||
|---|---|---|---|
| 003 | Nust | ||
| 005 | 20230919110432.0 | ||
| 010 | _a 92019212 | ||
| 020 | _c0750612029 : | ||
| 040 | _cNust | ||
| 082 | 0 | 0 | _a621.3,ELE |
| 245 | 0 | 0 |
_aElectrical engineer's reference book / _cedited by G.R. Jones, M.A. Laughton, M.G. Say |
| 250 | _a13th ed. | ||
| 260 |
_aOxford ; _aBoston : _bButterworth-Heinemann, _c1973. |
||
| 300 |
_a1 v. (various pagings) : _bill. ; _c25 cm. |
||
| 505 | _aUnits and Physics Quantities (Various Pages), Electro technology (Various Pages), Network Analysis (Various Pages), Materials (Various Pages), Electrical Metrology and Instrumentation (Various Pages), Energy Conversion (Various Pages), Alternating Current Generators (Various Pages), Supply Networks (Various Pages), Power Transformers (Various Pages), Switchgear and Protection (Various Pages), Planning and Economics (Various Pages), Converting Plant (Various Pages), Electromagnetic Machines and Devices (Various Pages), Electro heating (Various Pages), Electrochemistry (Various Pages), Control (Various Pages), Computers (Various Pages), Installation (Various Pages), Illumination (Various Pages), Environmental Control (Various Pages), Transportation (Various Pages), Mining (Various Pages), Agriculture (Various Pages), Miscellaneous (Various Pages). | ||
| 650 | 0 | _aElectrical engineering. | |
| 700 | 1 |
_aJones, G. R. _d1938- _9101361 |
|
| 700 | 1 |
_aLaughton, M. A. _947256 |
|
| 700 | 1 |
_aSay, M. G. _d1902- _9101362 |
|
| 942 |
_2ddc _cBK |
||
| 999 |
_c180284 _d180284 |
||